Pilotes du GP Explorer (1, 2, 3) - Statistiques

Statistiques générales
  • Ce quiz a été pris 1 052 fois
    685 depuis la dernière actualisation
  • Le résultat moyen est 33 sur 47
Statistiques - réponses
Pilotes % Correct
Squeezie
99%
Anyme
97%
Amine
95%
Maghla
95%
Théodort
94%
Djilsi
93%
Gotaga
93%
Maxime Biaggi
93%
SCH
93%
Mastu
92%
Léa Elui
91%
Billy
90%
Mister V
90%
Amixem
87%
Baghera
87%
Étienne
87%
PLK
87%
Houdi
86%
Kaatsup
84%
Sylvain
84%
Cocottee
83%
Ana
79%
Joyca
79%
Pierre
79%
LeBouseuh
74%
Nikof
72%
Depielo
68%
Seb
65%
Théo Juice
65%
Karchez
62%
Soso Maness
59%
Ludwig
58%
Manon
58%
Manon
58%
Ander
52%
ThéoBabac
49%
Valouzz
49%
Domingo
47%
Sofyan
47%
Deujna
45%
Michael Reeves
45%
Prime
45%
Horty
42%
Dobby
41%
Kekra
38%
Xari
37%
Bibi
30%
Aucun quiz correspondant
Distribution des résultats
% des personnes avec chaque résultat
Percentile par nombre de réponses
Votre historique - résultats
Vous n’avez pas pris ce quiz depuis la dernière actualisation